[Event "Ct. Catalunya eq DH"]
[Site "?"]
[Date "2012.01.28"]
[Round "1.10"]
[White "Colls Gelaberto, E."]
[Black "Luna Cortes, L."]
[Result "1-0"]
[WhiteElo "2270"]
[BlackElo "2255"]
[PlyCount "99"]
[EventDate "2012.??.??"]
[EventType "team"]
[EventRounds "11"]

1. d4 f5 2. g3 Nf6 3. Bg2 g6 4. Nf3 Bg7 5. O-O O-O 6. b3 Ne4 7. Bb2 d5 8. c4
Be6 9. cxd5 Bxd5 10. Nc3 Nxc3 11. Bxc3 Nd7 12. Rc1 a5 13. Nd2 Bxg2 14. Kxg2 Nf6
15. e3 c6 16. Qe2 Qd5+ 17. f3 Bh6 18. Rce1 Qf7 19. Nc4 Nd5 20. Bd2 b5 21. Ne5
Qe8 22. e4 Bxd2 23. Qxd2 fxe4 24. fxe4 Rxf1 25. Rxf1 Nf6 26. Qe3 Qc8 27. Rc1
Ng4 28. Nxg4 Qxg4 29. Rxc6 a4 30. b4 Rd8 31. d5 Rf8 32. Rc2 Qd1 33. Qe2 Qd4 34.
a3 Rf6 35. Rd2 Qe5 36. Qd3 Qa1 37. h4 Qe5 38. Qd4 Qc7 39. e5 Rf5 40. d6 Qc6+
41. Kh2 exd6 42. exd6 Qd7 43. Qb6 Rf7 44. Kg2 Kg7 45. Qd4+ Kg8 46. Qd5 Kg7 47.
h5 Rf5 48. Qd4+ Kh6 49. hxg6 hxg6 50. Qh8+ 1-0

[Event "Ct. Catalunya eq DH"]
[Site "?"]
[Date "2012.01.28"]
[Round "1.10"]
[White "Gardela Batlle, J."]
[Black "Llados Peiro, JM."]
[Result "1-0"]
[WhiteElo "2287"]
[BlackElo "2207"]
[PlyCount "108"]
[EventDate "2012.??.??"]
[EventType "team"]
[EventRounds "11"]

1. Nf3 f5 2. g3 Nf6 3. Bg2 g6 4. c4 Bg7 5. Nc3 O-O 6. O-O d6 7. d3 c5 8. Rb1
Nc6 9. a3 Nh5 10. Bd2 Bd7 11. b4 cxb4 12. axb4 Rb8 13. b5 Na5 14. Qe1 b6 15.
Nd5 e6 16. Nb4 f4 17. Bc3 e5 18. Nd2 fxg3 19. fxg3 Qg5 20. Rxf8+ Rxf8 21. Nf1
Nf6 22. Bd2 Qh5 23. Nd5 Bg4 24. Bxa5 bxa5 25. Nc3 Bh3 26. Bf3 Bg4 27. Qd1 Nd7
28. Bxg4 Qxg4 29. e3 Qf5 30. Qe2 Nc5 31. Rd1 Ne6 32. Nd2 Bh6 33. Nce4 Nc5 34.
Nxc5 dxc5 35. Kg2 Qg5 36. Re1 a4 37. Ne4 Qe7 38. Ra1 Qb7 39. Rxa4 g5 40. Ra1
Bg7 41. Rf1 h6 42. Rxf8+ Bxf8 43. Qf3 Qe7 44. Nf6+ Kg7 45. Nd5 Qe6 46. h3 Qg6
47. e4 a5 48. Qf5 Qxf5 49. exf5 a4 50. Nc3 a3 51. Kf3 Kf6 52. Ke4 h5 53. b6 g4
54. hxg4 hxg4 1-0

[Event "Ct. Catalunya eq DH"]
[Site "?"]
[Date "2012.01.28"]
[Round "1.10"]
[White "Palacios Exposito, P."]
[Black "Llaneza Vega, P."]
[Result "0-1"]
[WhiteElo "1914"]
[BlackElo "2220"]
[PlyCount "52"]
[EventDate "2012.??.??"]
[EventType "team"]
[EventRounds "11"]

1. e4 c5 2. Nf3 Nc6 3. c3 Nf6 4. e5 Nd5 5. d4 cxd4 6. cxd4 d6 7. exd6 e6 8. Nc3
Bxd6 9. Bd3 Qa5 10. Bd2 Nf4 11. Bf1 O-O 12. g3 Nd5 13. a3 Nxc3 14. Bxc3 Qf5 15.
Bd3 Qd5 16. O-O Rd8 17. Qe2 Bd7 18. Be4 Qh5 19. Qe3 Ne7 20. Ng5 h6 21. Nf3 Nd5
22. Qd3 Bc6 23. Nd2 Rac8 24. Bf3 Qh3 25. Bg2 Qxg2+ 26. Kxg2 Nf4+ 0-1

[Event "Ct. Catalunya eq DH"]
[Site "?"]
[Date "2012.??.??"]
[Round "1.10"]
[White "Ruiz Manchon, FX."]
[Black "Miquel Erice, J."]
[Result "1-0"]
[WhiteElo "2252"]
[BlackElo "2136"]
[PlyCount "47"]
[EventDate "2012.??.??"]
[EventType "team"]
[EventRounds "11"]

1. e4 c5 2. c3 d5 3. exd5 Qxd5 4. d4 Nc6 5. Nf3 Bg4 6. Be2 e6 7. h3 Bh5 8. c4
Qd7 9. g4 Bg6 10. d5 exd5 11. cxd5 Nb4 12. Na3 O-O-O 13. Bf4 Qxd5 14. O-O Qe4
15. Nb5 Rxd1 16. Nxa7+ Kd8 17. Raxd1+ Nd5 18. Bg3 Nge7 19. Rfe1 f6 20. Nb5 Qe6
21. Bc4 Qc6 22. Nc3 Bf7 23. Bb5 Qb6 24. Nxd5 1-0

[Event "Ct. Catalunya eq DH"]
[Site "?"]
[Date "2012.02.10"]
[Round "2.1"]
[White "Gonzalez Garcia, J."]
[Black "Felgaer Ziegler, R."]
[Result "0-1"]
[WhiteElo "2583"]
[BlackElo "2578"]
[PlyCount "70"]
[EventDate "2012.??.??"]
[EventType "team"]
[EventRounds "11"]

1. d4 d5 2. c4 c6 3. Nf3 Nf6 4. cxd5 cxd5 5. Nc3 Nc6 6. Bf4 Bf5 7. Qb3 Na5 8.
Qa4+ Bd7 9. Qc2 e6 10. e3 Rc8 11. Bd3 b5 12. a3 Nc4 13. O-O Be7 14. Ne5 Nh5 15.
Qe2 Nxf4 16. exf4 g6 17. a4 Nxe5 18. fxe5 bxa4 19. Nxa4 O-O 20. Nc5 Bxc5 21.
dxc5 Rxc5 22. Rxa7 Bb5 23. Ra3 Qb8 24. h4 h5 25. Re1 Bxd3 26. Rxd3 Rc4 27. g3
Re4 28. Re3 Rxe3 29. Qxe3 Qxb2 30. Qg5 Rc8 31. Re3 Qb1+ 32. Kg2 d4 33. Rf3 Qb7
34. Qf4 Rd8 35. Qd2 d3 0-1

[Event "Ct. Catalunya eq DH"]
[Site "?"]
[Date "2012.02.04"]
[Round "2.1"]
[White "Magem Badals, J."]
[Black "Bruzon Batista, L."]
[Result "0-1"]
[WhiteElo "2566"]
[BlackElo "2695"]
[PlyCount "78"]
[EventDate "2012.??.??"]
[EventType "team"]
[EventRounds "11"]

1. e4 c5 2. Nf3 e6 3. Qe2 Nc6 4. g3 g6 5. Bg2 Bg7 6. O-O Nge7 7. c3 e5 8. a3
O-O 9. b4 d6 10. d3 h6 11. Nbd2 Be6 12. b5 Na5 13. Bb2 Rc8 14. Rac1 g5 15. h4
f6 16. c4 b6 17. hxg5 fxg5 18. Nh2 Nb7 19. Bf3 Qd7 20. Bg4 Nd8 21. Bxe6+ Nxe6
22. Qh5 Kh7 23. Ng4 Qe8 24. Qxe8 Rcxe8 25. Kg2 h5 26. Ne3 Kg6 27. a4 Bh6 28.
Rce1 Rf7 29. Nd5 g4 30. Re2 Bxd2 31. Rxd2 h4 32. a5 h3+ 33. Kh1 Nxd5 34. exd5
Ng5 35. Bc1 Rf3 36. axb6 axb6 37. Rdd1 e4 38. Bf4 exd3 39. Bxd6 Ne4 0-1

[Event "Ct. Catalunya eq DH"]
[Site "?"]
[Date "2012.02.04"]
[Round "2.1"]
[White "Oms Pallisse, J."]
[Black "Muñoz Pantoja, M."]
[Result "0-1"]
[WhiteElo "2517"]
[BlackElo "2565"]
[PlyCount "76"]
[EventDate "2012.??.??"]
[EventType "team"]
[EventRounds "11"]

1. Nf3 g6 2. c4 Bg7 3. d4 Nf6 4. Nc3 c5 5. e4 O-O 6. dxc5 Qa5 7. Bd2 Qxc5 8.
Be2 d6 9. O-O Bg4 10. Rc1 Nc6 11. Nd5 Bxf3 12. Bxf3 Qd4 13. Qc2 Nxd5 14. exd5
Ne5 15. Be2 Rfc8 16. Be3 Qh4 17. b3 b5 18. g3 Qh3 19. Qd1 bxc4 20. f4 Qh6 21.
Bf2 Nd3 22. Bxd3 cxd3 23. Qxd3 Qh3 24. Rc6 h5 25. Rfc1 Re8 26. Bd4 Qf5 27. Qc3
Bxd4+ 28. Qxd4 h4 29. Kg2 a5 30. Re1 Rab8 31. Qe4 Qf6 32. Qf3 a4 33. bxa4 Rb4
34. Re4 h3+ 35. Kf2 Rb2+ 36. Re2 Qd4+ 37. Qe3 Qxd5 38. Rcc2 Rxc2 0-1

[Event "Ct. Catalunya eq DH"]
[Site "?"]
[Date "2012.02.04"]
[Round "2.1"]
[White "Peralta, F."]
[Black "Barsov, A."]
[Result "1-0"]
[WhiteElo "2620"]
[BlackElo "2514"]
[PlyCount "69"]
[EventDate "2012.??.??"]
[EventType "team"]
[EventRounds "11"]

1. d4 d5 2. c4 e6 3. Nc3 Be7 4. cxd5 exd5 5. Bf4 c6 6. e3 Bf5 7. g4 Be6 8. h4
Nd7 9. g5 h6 10. g6 fxg6 11. Bd3 Nf8 12. Qc2 Bf6 13. O-O-O Ne7 14. Nge2 Bf5 15.
e4 dxe4 16. Nxe4 Bxe4 17. Bxe4 Nd5 18. Bg3 Qa5 19. Bxd5 cxd5 20. Kb1 Kf7 21.
Nf4 h5 22. Rhe1 Rh6 23. Qb3 Rd8 24. Qxb7+ Rd7 25. Qb3 g5 26. hxg5 Bxg5 27. Nxh5
Rb6 28. Qc2 Ne6 29. Rxe6 Kxe6 30. Qg6+ Bf6 31. Qe8+ Re7 32. Nf4+ Kd6 33. Ng6+
Ke6 34. Nf8+ Kf5 35. Qg6# 1-0

[Event "Ct. Catalunya eq DH"]
[Site "?"]
[Date "2012.02.10"]
[Round "2.2"]
[White "Alsina Leal, D."]
[Black "Rodriguez Cespedes, A."]
[Result "1/2-1/2"]
[WhiteElo "2532"]
[BlackElo "2473"]
[PlyCount "77"]
[EventDate "2012.??.??"]
[EventType "team"]
[EventRounds "11"]

1. e4 d5 2. exd5 Qxd5 3. Nc3 Qa5 4. d4 Nf6 5. Nf3 Bf5 6. Bc4 e6 7. Bd2 c6 8.
Nd5 Qd8 9. Nxf6+ Qxf6 10. Qe2 Bg4 11. d5 Bxf3 12. gxf3 cxd5 13. Bxd5 Nd7 14.
O-O-O O-O-O 15. Be4 Qe5 16. Bc3 Qc7 17. h4 f6 18. h5 Bd6 19. Rhg1 Nc5 20. Kb1
Be5 21. Qc4 Bxc3 22. Qxc3 Nxe4 23. Rxd8+ Rxd8 24. Qxc7+ Kxc7 25. fxe4 g5 26.
hxg6 hxg6 27. Kc1 g5 28. Rh1 Rd4 29. Rh7+ Kc6 30. Rf7 Rxe4 31. Rxf6 Kd6 32. Kd2
Re5 33. Rg6 a5 34. a4 Rf5 35. Ke3 b5 36. axb5 Rxb5 37. b3 a4 38. bxa4 Ra5 39.
Rg7 1/2-1/2

[Event "Ct. Catalunya eq DH"]
[Site "?"]
[Date "2012.02.04"]
[Round "2.2"]
[White "Farran Martos, J."]
[Black "Gonzalez Rodriguez, JA."]
[Result "0-1"]
[WhiteElo "2306"]
[BlackElo "2459"]
[PlyCount "102"]
[EventDate "2012.??.??"]
[EventType "team"]
[EventRounds "11"]

1. e4 e6 2. d4 d5 3. e5 c5 4. c3 Nc6 5. Nf3 Qb6 6. Be2 f6 7. exf6 Nxf6 8. O-O
Bd6 9. Na3 a6 10. Nc2 O-O 11. Rb1 a5 12. Be3 cxd4 13. cxd4 Bd7 14. a3 a4 15.
Bd3 Na5 16. Bd2 Nc6 17. Be3 Qc7 18. h3 Rac8 19. Re1 h6 20. Rc1 Qb6 21. Rb1 Qb3
22. Na1 Qxd1 23. Rexd1 Na5 24. Bd2 Nc4 25. Nc2 Nxd2 26. Rxd2 Rc7 27. Ne5 Bc6
28. Ng6 Rff7 29. Re1 Bd7 30. Ne5 Re7 31. Nxd7 Nxd7 32. Ne3 Nb6 33. Rc2 Rxc2 34.
Bxc2 Kf7 35. Bd3 Rc7 36. Kf1 Bf4 37. Ke2 e5 38. g3 Bxe3 39. fxe3 e4 40. Bb1 Ke6
41. Kd1 Rf7 42. Bc2 Rf3 43. Rg1 Nc4 44. Kc1 b5 45. b3 Nxa3 46. bxa4 Nxc2 47.
Kxc2 bxa4 48. Kb2 Rxe3 49. Ka2 Rd3 50. Rb1 Rd2+ 51. Ka1 e3 0-1

[Event "Ct. Catalunya eq DH"]
[Site "?"]
[Date "2012.02.04"]
[Round "2.2"]
[White "Pablo Mari, A."]
[Black "Simacek, P."]
[Result "0-1"]
[WhiteElo "2485"]
[BlackElo "2446"]
[PlyCount "52"]
[EventDate "2012.??.??"]
[EventType "team"]
[EventRounds "11"]

1. Nf3 f5 2. e4 fxe4 3. Ng5 e5 4. d3 e3 5. Bxe3 Nc6 6. Nc3 Bb4 7. a3 Bxc3+ 8.
bxc3 Nf6 9. d4 d5 10. h3 e4 11. Be2 O-O 12. h4 Bf5 13. g4 Bd7 14. Nh3 Qc8 15.
Rg1 Nd8 16. Nf4 Ne6 17. g5 Nxf4 18. Bxf4 Nh5 19. Be5 Nf4 20. Bf1 Bh3 21. Qd2
Ng6 22. Bg3 Bxf1 23. Rxf1 Qg4 24. Qe2 Rf3 25. Rg1 Nf4 26. Qf1 e3 0-1

[Event "Ct. Catalunya eq DH"]
[Site "?"]
[Date "2012.02.04"]
[Round "2.3"]
[White "Alonso Garcia, R."]
[Black "Pomes Marcet, J."]
[Result "1-0"]
[WhiteElo "2448"]
[BlackElo "2407"]
[PlyCount "129"]
[EventDate "2012.??.??"]
[EventType "team"]
[EventRounds "11"]

1. e4 e6 2. d4 d5 3. Nd2 c5 4. exd5 Qxd5 5. Ngf3 cxd4 6. Bc4 Qd6 7. O-O Nf6 8.
Nb3 Nc6 9. Nbxd4 Nxd4 10. Nxd4 a6 11. Re1 Qc7 12. Qe2 Bd6 13. Bg5 O-O 14. Bd3
Nd5 15. g3 Nb4 16. Be4 f5 17. Bg2 e5 18. c3 exd4 19. cxb4 f4 20. Bd5+ Kh8 21.
Rac1 Qb6 22. Be7 d3 23. Qd2 Bxe7 24. Rxe7 Qd6 25. Rcc7 fxg3 26. hxg3 Bf5 27.
Rxg7 Qf6 28. Rgf7 Qe5 29. Qg5 Rae8 30. Kh2 d2 31. Qxd2 Bg6 32. Rxf8+ Rxf8 33.
Qc3 Rxf2+ 34. Kg1 Qxc3 35. bxc3 Rc2 36. Bb3 Rc1+ 37. Kf2 Be4 38. Ke3 Bc6 39.
Kd4 h5 40. Re7 Rg1 41. Re3 Kg7 42. Kc5 Kf6 43. Bc4 Bg2 44. Bd3 Ra1 45. Bc4 Rg1
46. a4 Ra1 47. a5 Rc1 48. Kb6 Rg1 49. Be6 Rd1 50. Kc7 Kg5 51. Bc8 Rf1 52. Re5+
Kg6 53. Rc5 Be4 54. Kb6 Rf6+ 55. Ka7 Rf7 56. Kb8 Bc6 57. c4 Rf8 58. b5 axb5 59.
cxb5 Be4 60. b6 Rf7 61. Rc7 Rf8 62. Ka7 Rf3 63. Bxb7 Bxb7 64. Kxb7 Rxg3 65. a6
1-0

[Event "Ct. Catalunya eq DH"]
[Site "?"]
[Date "2012.02.04"]
[Round "2.3"]
[White "Alonso Rosell, A."]
[Black "Matnadze, A."]
[Result "1-0"]
[WhiteElo "2554"]
[BlackElo "2498"]
[PlyCount "105"]
[EventDate "2012.??.??"]
[EventType "team"]
[EventRounds "11"]

1. c4 Nf6 2. Nf3 e6 3. Nc3 b6 4. g3 Bb7 5. Bg2 Be7 6. O-O O-O 7. d4 Ne4 8. Qc2
Nxc3 9. bxc3 f5 10. d5 Bf6 11. Nd4 c5 12. Nb3 exd5 13. Rb1 Bc6 14. cxd5 Ba4 15.
Qxf5 c4 16. Qg4 cxb3 17. Qxa4 bxa2 18. Qxa2 d6 19. Bf4 g5 20. Be3 Nd7 21. Bd4
Qe7 22. e4 g4 23. h3 h5 24. Kh2 Ne5 25. hxg4 hxg4 26. Rh1 Rf7 27. Kg1 Raf8 28.
Qe2 Rg7 29. Rh5 Rg6 30. Ra1 Bg7 31. Rf5 Rc8 32. Rf4 Qd7 33. Rf5 Nc4 34. Qa2 a5
35. Bf1 Ne5 36. Be2 Qe8 37. Rb1 Nf3+ 38. Bxf3 Bxd4 39. cxd4 gxf3 40. Re1 Rh6
41. Qd2 Kh7 42. Qf4 Rc7 43. Qxf3 b5 44. e5 b4 45. e6 Kg8 46. Qg4+ Rg6 47. Qf4
b3 48. Qxd6 Rh7 49. Qc6 Qb8 50. d6 b2 51. Rb5 Qf8 52. e7 Rxe7 53. dxe7 1-0

[Event "Ct. Catalunya eq DH"]
[Site "?"]
[Date "2012.02.04"]
[Round "2.3"]
[White "Baron Isanta, JM."]
[Black "Valdes, L."]
[Result "1-0"]
[WhiteElo "2407"]
[BlackElo "2393"]
[PlyCount "153"]
[EventDate "2012.??.??"]
[EventType "team"]
[EventRounds "11"]

1. Nf3 Nf6 2. c4 g6 3. Nc3 Bg7 4. e4 d6 5. d4 O-O 6. h3 e5 7. d5 Na6 8. Bg5 h6
9. Be3 Nc5 10. Nd2 a5 11. a3 Nfd7 12. b4 f5 13. f3 axb4 14. axb4 Rxa1 15. Qxa1
fxe4 16. bxc5 exf3 17. Nce4 Nxc5 18. Bxc5 fxg2 19. Bxg2 dxc5 20. Qa3 Qh4+ 21.
Qg3 Qxg3+ 22. Nxg3 h5 23. Rf1 Rf4 24. Nge4 b6 25. Ke2 Rxf1 26. Bxf1 Kf8 27. Nb1
Bd7 28. Nbc3 c6 29. Kf3 Ke8 30. d6 Bf5 31. Na4 Bxe4+ 32. Kxe4 Kd7 33. Nxb6+
Kxd6 34. Be2 Bh6 35. Na4 Bd2 36. Nb2 Bc3 37. Nd3 Bd4 38. Ne1 Ke6 39. Nf3 Bc3
40. h4 Kf6 41. Bf1 Ke6 42. Bh3+ Kd6 43. Kd3 Bb2 44. Ng5 Bd4 45. Ne4+ Ke7 46.
Bc8 Kd8 47. Bb7 Kd7 48. Ke2 Kc7 49. Ba8 Kd7 50. Nd2 Bb2 51. Kd3 Bc1 52. Kc2 Ba3
53. Nf3 Kd6 54. Ng5 Bb4 55. Kd1 Ke7 56. Ke2 Bc3 57. Nf3 Bb2 58. Kd3 Kd6 59. Bb7
Kc7 60. Ba6 Kd6 61. Bc8 Ba3 62. Ng5 Bb4 63. Ke2 Ba3 64. Be6 Ke7 65. Bf7 Kf6 66.
Be8 Kf5 67. Kf3 Bc1 68. Ne4 g5 69. hxg5 Bxg5 70. Nxg5 Kxg5 71. Bxc6 h4 72. Bd7
Kf6 73. Ke4 Ke7 74. Bh3 Kd6 75. Bg4 Kc6 76. Kxe5 Kb6 77. Kd6 1-0

[Event "Ct. Catalunya eq DH"]
[Site "?"]
[Date "2012.02.04"]
[Round "2.3"]
[White "Perez Mitjans, O."]
[Black "Cruz Sanchez, C."]
[Result "1-0"]
[WhiteElo "2525"]
[BlackElo "2555"]
[PlyCount "55"]
[EventDate "2012.??.??"]
[EventType "team"]
[EventRounds "11"]

1. e4 c5 2. Nf3 e6 3. d3 d5 4. Nbd2 Nc6 5. g3 g6 6. Bg2 Bg7 7. O-O Nf6 8. c3
O-O 9. e5 Nd7 10. d4 b5 11. Re1 b4 12. Nb3 a5 13. Nxc5 Nxc5 14. dxc5 bxc3 15.
bxc3 Ba6 16. Bg5 Qc7 17. Bf6 Ne7 18. h4 Qxc5 19. h5 gxh5 20. Nh2 Bxf6 21. exf6
Ng6 22. Qxh5 Qxc3 23. Ng4 Kh8 24. Rac1 Qb4 25. Rxe6 Bc8 26. Qh6 Rg8 27. Re8 Nf8
28. Ne5 1-0

[Event "Ct. Catalunya eq DH"]
[Site "?"]
[Date "2012.02.04"]
[Round "2.4"]
[White "Bergez, L."]
[Black "Vang Glud, J."]
[Result "0-1"]
[WhiteElo "2428"]
[BlackElo "2497"]
[PlyCount "122"]
[EventDate "2012.??.??"]
[EventType "team"]
[EventRounds "11"]

1. d4 d5 2. c4 e6 3. Nc3 Be7 4. Nf3 Nf6 5. cxd5 exd5 6. Bg5 c6 7. e3 Bf5 8. Bd3
Bxd3 9. Qxd3 Nbd7 10. O-O O-O 11. Nd2 Re8 12. Rab1 a5 13. Qe2 Nb6 14. Rfd1 Nfd7
15. Bf4 Nf8 16. Bg3 Ne6 17. Qd3 g6 18. Qc2 Ng7 19. a3 h5 20. h3 Nf5 21. Bf4 Bd6
22. Ne2 Qf6 23. Bxd6 Nxd6 24. b3 Nb5 25. Ra1 Qe7 26. Nf4 a4 27. b4 Nd6 28. Nd3
Nbc4 29. Nxc4 Nxc4 30. Nb2 b5 31. Nxc4 bxc4 32. Re1 f5 33. f3 Qh4 34. Qf2 Qxf2+
35. Kxf2 Ra7 36. Rab1 Rb7 37. Re2 Kf7 38. e4 fxe4 39. fxe4 Rbe7 40. e5 Ke6 41.
Ke3 Rf7 42. b5 Rb8 43. b6 g5 44. Rb4 Rf4 45. Rd2 Rb7 46. Ke2 h4 47. Kd1 Kf5 48.
Kc2 Rf1 49. Re2 Ke6 50. Re3 Rf2+ 51. Kd1 Rf4 52. Ke2 Rxd4 53. Rb1 Rf4 54. g3
hxg3 55. Rxg3 Re4+ 56. Kd2 Kxe5 57. Rxg5+ Kd4 58. Rg4 Rxg4 59. hxg4 c3+ 60. Kd1
Kd3 61. Rb4 Rh7 0-1

[Event "Ct. Catalunya eq DH"]
[Site "?"]
[Date "2012.02.10"]
[Round "2.4"]
[White "Fluvia Poyatos, Jordi"]
[Black "Borras Duran, P."]
[Result "1-0"]
[WhiteElo "2499"]
[BlackElo "2331"]
[PlyCount "111"]
[EventDate "2012.??.??"]
[EventType "team"]
[EventRounds "11"]

1. Nf3 g6 2. e4 Bg7 3. d4 d6 4. c3 Nc6 5. Bb5 Bd7 6. O-O e5 7. Re1 Nge7 8. Bg5
h6 9. Bh4 g5 10. Bg3 Ng6 11. dxe5 Ncxe5 12. Bxd7+ Qxd7 13. Nd4 h5 14. Nf5 Bf6
15. Nd2 h4 16. Bxe5 Bxe5 17. Nc4 O-O-O 18. Qg4 Kb8 19. g3 hxg3 20. hxg3 Rdg8
21. Nce3 Bf6 22. Nh6 Qxg4 23. Nexg4 Rc8 24. Nxf7 Rhf8 25. Nxf6 Rxf7 26. Ng4 Re8
27. Rad1 Ne5 28. Nxe5 Rxe5 29. Rd5 Rxd5 30. exd5 Kc8 31. Kg2 c6 32. dxc6 bxc6
33. Re2 Kd7 34. Kh3 d5 35. Kg4 Rg7 36. Re5 Kd6 37. Rxg5 Rb7 38. Rg6+ Ke5 39. b3
Rc7 40. Kf3 c5 41. Rg5+ Kd6 42. c4 Rf7+ 43. Ke2 d4 44. Rg6+ Kc7 45. Ra6 Kb7 46.
Re6 Kc7 47. f4 Rh7 48. Kf3 Rh2 49. Re2 Rh1 50. f5 Kd6 51. g4 a5 52. g5 Rf1+ 53.
Ke4 Rd1 54. f6 Ke6 55. Rf2 Re1+ 56. Kd3 1-0

[Event "Ct. Catalunya eq DH"]
[Site "?"]
[Date "2012.02.04"]
[Round "2.4"]
[White "Gonzalez Freixas, A."]
[Black "Barbero Sendic, A."]
[Result "1/2-1/2"]
[WhiteElo "2251"]
[BlackElo "2385"]
[PlyCount "102"]
[EventDate "2012.??.??"]
[EventType "team"]
[EventRounds "11"]

1. c4 Nf6 2. g3 g6 3. b3 Bg7 4. Bb2 O-O 5. Bg2 c5 6. Nf3 Nc6 7. O-O d6 8. d4
cxd4 9. Nxd4 Bd7 10. Nc3 Qb6 11. e3 Ne5 12. Qd2 a6 13. h3 Rac8 14. Rac1 Qa5 15.
Rfd1 Qd8 16. Kh2 Bc6 17. Nxc6 bxc6 18. f4 Ned7 19. e4 Qc7 20. b4 Rb8 21. b5 Nc5
22. bxc6 Nfxe4 23. Nxe4 Rxb2 24. Rc2 Nxe4 25. Bxe4 Rfb8 26. Rdc1 R2b4 27. Bg2
e6 28. Rd1 Bf8 29. Qd4 d5 30. Qd3 Qxc6 31. cxd5 Qd6 32. Rc6 Qe7 33. dxe6 Rb2
34. exf7+ Qxf7 35. Rxa6 Kh8 36. Rd2 Rb1 37. Ra8 Rxa8 38. Bxa8 Rb8 39. Bd5 Qc7
40. Bb3 Bg7 41. Qd7 Qc3 42. Rc2 Qb4 43. Rc8+ Rxc8 44. Qxc8+ Bf8 45. h4 Qd2+ 46.
Kh3 Kg7 47. Qe6 Kh6 48. Qd5 Qc1 49. h5 Qf1+ 50. Kh2 Qf2+ 51. Kh3 Qf1+ 1/2-1/2

[Event "Ct. Catalunya eq DH"]
[Site "?"]
[Date "2012.02.04"]
[Round "2.4"]
[White "Jerez Perez, A."]
[Black "Hernando Rodrigo, JA."]
[Result "1/2-1/2"]
[WhiteElo "2473"]
[BlackElo "2385"]
[PlyCount "35"]
[EventDate "2012.??.??"]
[EventType "team"]
[EventRounds "11"]

1. e4 e6 2. d4 d5 3. Nc3 Bb4 4. e5 c5 5. Bd2 Ne7 6. Nb5 O-O 7. c3 Ba5 8. Bd3 a6
9. Nd6 cxd4 10. cxd4 f6 11. Nxc8 Bxd2+ 12. Qxd2 Qxc8 13. Nf3 Nd7 14. exf6 Rxf6
15. O-O Qc7 16. Rac1 Nc6 17. Rc3 Qd6 18. Bb1 1/2-1/2

[Event "Ct. Catalunya eq DH"]
[Site "?"]
[Date "2012.02.04"]
[Round "2.4"]
[White "Lariño Nieto, D."]
[Black "Vidarte Morales, A."]
[Result "1-0"]
[WhiteElo "2493"]
[BlackElo "2400"]
[PlyCount "37"]
[EventDate "2012.??.??"]
[EventType "team"]
[EventRounds "11"]

1. e4 c5 2. Nc3 Nc6 3. g3 g6 4. Bg2 Bg7 5. d3 d6 6. f4 e5 7. Nh3 Nge7 8. O-O
O-O 9. f5 gxf5 10. exf5 Bxf5 11. Rxf5 Nxf5 12. Be4 Nfd4 13. Qh5 Re8 14. Qxh7+
Kf8 15. Bg5 f6 16. Rf1 Ne6 17. Bxf6 Bxf6 18. Bg6 Ng7 19. Nd5 1-0

[Event "Ct. Catalunya eq DH"]
[Site "?"]
[Date "2012.02.04"]
[Round "2.4"]
[White "Simon Padros, E."]
[Black "Cuadras Avellana, J."]
[Result "0-1"]
[WhiteElo "2383"]
[BlackElo "2310"]
[PlyCount "122"]
[EventDate "2012.??.??"]
[EventType "team"]
[EventRounds "11"]

1. e4 c6 2. Nf3 d5 3. exd5 cxd5 4. Ne5 Nc6 5. d4 e6 6. c3 Bd6 7. Bb5 Qc7 8. Qe2
Nge7 9. O-O O-O 10. f4 f6 11. Nxc6 bxc6 12. Bd3 Bd7 13. Be3 e5 14. Qf2 e4 15.
Bc2 Nf5 16. g3 g5 17. fxg5 fxg5 18. Qe1 h6 19. Nd2 Rf7 20. Bb3 Re8 21. Rc1 Be6
22. c4 Qa5 23. c5 Bf8 24. g4 Nxe3 25. Qxe3 Ree7 26. Rxf7 Bxf7 27. Nf1 Be6 28.
h3 Qc7 29. Rc2 Qf4 30. Rf2 Qxe3 31. Nxe3 Bg7 32. Rd2 Rf7 33. Bd1 Rb7 34. a3 a5
35. Ba4 Rc7 36. b4 axb4 37. axb4 Kf7 38. Kf2 Ke7 39. Nc2 Bd7 40. Rd1 Rc8 41.
Ke2 Ra8 42. Bb3 h5 43. gxh5 Rh8 44. b5 cxb5 45. Ne3 Rxh5 46. Nxd5+ Kd8 47. Ra1
Bxd4 48. Ra8+ Bc8 49. Nb6 Rxh3 50. Rxc8+ Ke7 51. Rc7+ Ke8 52. Rc8+ Ke7 53. Rc7+
Kf6 54. Nd7+ Kf5 55. Bd5 Rh2+ 56. Ke1 Bc3+ 57. Kf1 e3 58. Bf3 Rf2+ 59. Kg1 Rxf3
60. Nb6 e2 61. Rf7+ Bf6 0-1

[Event "Ct. Catalunya eq DH"]
[Site "?"]
[Date "2012.02.10"]
[Round "2.5"]
[White "Gutierrez Clares, J."]
[Black "Vila Gazquez, X."]
[Result "1/2-1/2"]
[WhiteElo "2313"]
[BlackElo "2490"]
[PlyCount "80"]
[EventDate "2012.??.??"]
[EventType "team"]
[EventRounds "11"]

1. d4 Nf6 2. c4 g6 3. Nc3 d5 4. Nf3 Bg7 5. Bg5 Ne4 6. cxd5 Nxg5 7. Nxg5 e6 8.
Qd2 h6 9. Nf3 exd5 10. e3 O-O 11. Be2 c6 12. O-O Qd6 13. Rac1 Nd7 14. b4 Qxb4
15. Nxd5 Qa3 16. Nf4 Nf6 17. Ne5 Bf5 18. Bd3 Bxd3 19. Nfxd3 Qe7 20. Rb1 Nd5 21.
a4 Rfc8 22. Rfc1 Rc7 23. Nf3 Rac8 24. a5 b6 25. axb6 axb6 26. Nfe5 c5 27. Qa2
Bxe5 28. Qxd5 cxd4 29. Rxc7 Bxc7 30. exd4 Qe2 31. Qb3 Qe4 32. Ne5 Bxe5 33. dxe5
Rc6 34. Qb5 Re6 35. g3 g5 36. Rb4 Qf3 37. Rb1 Rc6 38. Re1 Re6 39. Qc4 Kg7 40.
Qd4 Qc6 1/2-1/2

[Event "Ct. Catalunya eq DH"]
[Site "?"]
[Date "2012.02.04"]
[Round "2.5"]
[White "Mellado Triviño, J."]
[Black "Grafl, F."]
[Result "0-1"]
[WhiteElo "2497"]
[BlackElo "2423"]
[PlyCount "38"]
[EventDate "2012.??.??"]
[EventType "team"]
[EventRounds "11"]

1. d4 f5 2. e4 fxe4 3. Nc3 Nf6 4. Bg5 c6 5. f3 exf3 6. Nxf3 d5 7. Bd3 g6 8. Ne5
Bg7 9. h4 Nbd7 10. h5 Nxe5 11. dxe5 Ng4 12. hxg6 Qc7 13. Bf4 Nxe5 14. g3 Qb6
15. gxh7 Bg4 16. Be2 Qxb2 17. Na4 Qb4+ 18. c3 Qe4 19. Kf2 Bxe2 0-1

[Event "Ct. Catalunya eq DH"]
[Site "?"]
[Date "2012.02.04"]
[Round "2.5"]
[White "Trepat Herranz, J."]
[Black "Moreno Carretero, C."]
[Result "1/2-1/2"]
[WhiteElo "2376"]
[BlackElo "2251"]
[PlyCount "77"]
[EventDate "2012.??.??"]
[EventType "team"]
[EventRounds "11"]

1. d4 d5 2. c4 c6 3. Nf3 Nf6 4. e3 e6 5. Nbd2 Be7 6. Bd3 Nbd7 7. b3 b6 8. O-O
Bb7 9. Bb2 O-O 10. Qe2 c5 11. Ne5 Nxe5 12. dxe5 Ne4 13. Nxe4 dxe4 14. Bc2 Qd7
15. Qg4 Qc6 16. Bc3 a6 17. a4 Rad8 18. h3 b5 19. axb5 axb5 20. cxb5 Qxb5 21.
Rfb1 Qc6 22. Ra4 Ra8 23. Rxe4 Ra2 24. Rb2 Ra1+ 25. Kh2 Rc1 26. f3 Qb5 27. Ra4
Qf1 28. Ra7 Qg1+ 29. Kg3 Qxe3 30. Bxh7+ Kxh7 31. Qh5+ Kg8 32. Bd2 Bh4+ 33. Qxh4
Qxe5+ 34. Qf4 Qxb2 35. Bxc1 Qxb3 36. Qc7 Bd5 37. Ba3 Qb8 38. Bxc5 Qxc7+ 39.
Rxc7 1/2-1/2

[Event "Ct. Catalunya eq DH"]
[Site "?"]
[Date "2012.02.04"]
[Round "2.5"]
[White "Vives Esmerat, J."]
[Black "Ubach Miralda, M."]
[Result "1/2-1/2"]
[WhiteElo "2360"]
[BlackElo "2357"]
[PlyCount "71"]
[EventDate "2012.??.??"]
[EventType "team"]
[EventRounds "11"]

1. e4 c6 2. d4 d5 3. e5 Bf5 4. Nf3 e6 5. Be2 Nd7 6. O-O Ne7 7. Re1 c5 8. c4
dxc4 9. Bxc4 Nc6 10. Nc3 cxd4 11. Nxd4 Nxd4 12. Qxd4 Bc5 13. Qf4 O-O 14. Rd1
Qc7 15. g4 Bc2 16. Nb5 Qc6 17. Nd4 Bxd4 18. Rxd4 Rad8 19. Bf1 Nb6 20. Bg2 Qb5
21. b3 Nd5 22. Qd2 Bg6 23. Ba3 Rfe8 24. Bd6 Rc8 25. Rc1 h6 26. Rdc4 Rc6 27. Rc5
Qa6 28. a4 Rec8 29. Bf1 Qb6 30. Rxc6 Rxc6 31. Rxc6 Qxc6 32. Bg2 Qc2 33. Qxc2
Bxc2 34. Bxd5 exd5 35. a5 Bxb3 36. Bc5 1/2-1/2